000 00763nas a2200265 4500
001 BR0904996
003 BR-BrBNA
005 20231205113604.0
007 ta
008 230509b bl.|||p| |||| 00| 00por d
040 _aBR-BrBNA
_bpor
_cBiblioteca Nacional de Agricultura
041 _a(Pt)
072 _aF02
100 1 _aDamiani, C.R.
100 1 _aSchuch, M.W.
245 1 _aDiferentes substratos e ambientes no enraizamento in vitro de mirtilo
650 _aMIRTILO
650 _aMICROPROPAGAÇÃO
650 _aENRAIZAMENTO
650 _aMUDA
650 _aTEMPERATURA
773 0 _tCiência Rural (Brazil)
_xISSN 0103-8478
_g(Mar-Apr 2009), v. 39(2) p. 563-566
_wBR0904996
909 _a202311
_bLúcia
_c55
_dLúcia Elande
942 _2AGRIS
_n0
_cANA
999 _c204596
_d204596